| 000 | 00478cam a22001577a 4500 | ||
|---|---|---|---|
| 008 | 180718b1959 xxu||||| |||| 00| 0 eng d | ||
| 082 | _aDx73 M624 | ||
| 100 | _aMills, C. Wright | ||
| 245 |
_aCauses of world war three _cby C. Wright Mills |
||
| 260 |
_aLondon _bSecker & Warburg _c1959 |
||
| 300 | _a176p. | ||
| 650 | _aUnited States --Military policy | ||
| 650 | _aUnited States --Foreign relations --1945- | ||
| 650 | _aWorld War III | ||
| 650 | _aWorld politics --1945-1989 | ||
| 999 |
_c374122 _d374122 |
||